|
|
|
|
| LEADER |
00000cam a22000004a 4500 |
| 001 |
musev2_43285 |
| 003 |
MdBmJHUP |
| 005 |
20230905044531.0 |
| 006 |
m o d |
| 007 |
cr||||||||nn|n |
| 008 |
120305s2012 dcu o 00 0 eng d |
| 020 |
|
|
|a 9781597978347
|
| 020 |
|
|
|z 9781597978330
|
| 035 |
|
|
|a (OCoLC)966768095
|
| 040 |
|
|
|a MdBmJHUP
|c MdBmJHUP
|
| 100 |
1 |
|
|a Gelderman, Carol W.
|
| 245 |
1 |
2 |
|a A Free Man of Color and His Hotel :
|b Race, Reconstruction, and the Role of the Federal Government /
|c Carol Gelderman.
|
| 250 |
|
|
|a 1st ed.
|
| 264 |
|
1 |
|a Washington, D.C. :
|b Potomac Books,
|c 2012.
|
| 264 |
|
3 |
|a Baltimore, Md. :
|b Project MUSE,
|c 2017
|
| 264 |
|
4 |
|c ©2012.
|
| 300 |
|
|
|a 1 online resource (184 pages).
|
| 336 |
|
|
|a text
|b txt
|2 rdacontent
|
| 337 |
|
|
|a computer
|b c
|2 rdamedia
|
| 338 |
|
|
|a online resource
|b cr
|2 rdacarrier
|
| 505 |
0 |
|
|a What Might Have Been : James Wormley's Life to the Opening of his Eponymous Hotel -- Grant's Second Administration and Needed Reform : The Issue of the 1876 Election and Wormley's Continued Success -- In the Blink of an Eye : Growing and Receding Federal Protection of Civil Rights and Wormley's Generosity in Helping Others of his Race -- Election -- We, the Other People -- Resolution of Election -- States' Rights Ride Supreme and the Closing of the Wormley Hotel -- Epilogue: Then and Now.
|
| 520 |
|
|
|a The amazing story of a nineteenth-century businessman, Reconstruction, and the Constitution.
|
| 588 |
|
|
|a Description based on print version record.
|
| 600 |
1 |
7 |
|a Wormley, James,
|d 1819-1884.
|2 fast
|0 (OCoLC)fst01937163
|
| 600 |
1 |
1 |
|a Wormley, James,
|d 1819-1884.
|
| 600 |
1 |
0 |
|a Wormley, James,
|d 1819-1884.
|
| 610 |
2 |
7 |
|a Wormley Hotel (Washington, D.C.)
|2 fast
|0 (OCoLC)fst02000409
|
| 610 |
2 |
0 |
|a Wormley Hotel (Washington, D.C.)
|
| 650 |
|
7 |
|a Race relations.
|2 fast
|0 (OCoLC)fst01086509
|
| 650 |
|
7 |
|a Hotelkeepers.
|2 fast
|0 (OCoLC)fst00961760
|
| 650 |
|
7 |
|a Free African Americans.
|2 fast
|0 (OCoLC)fst00933834
|
| 650 |
|
7 |
|a African Americans
|x Segregation.
|2 fast
|0 (OCoLC)fst00799695
|
| 650 |
|
7 |
|a African Americans
|x Government policy.
|2 fast
|0 (OCoLC)fst00799619
|
| 650 |
|
7 |
|a African Americans.
|2 fast
|0 (OCoLC)fst00799558
|
| 650 |
|
7 |
|a Reconstruction (U.S. history, 1865-1877)
|2 fast
|0 (OCoLC)fst01754987
|
| 650 |
|
7 |
|a BUSINESS & ECONOMICS
|x Small Business.
|2 bisacsh
|
| 650 |
|
7 |
|a BIOGRAPHY & AUTOBIOGRAPHY
|x General.
|2 bisacsh
|
| 650 |
|
6 |
|a Noirs americains
|x Politique gouvernementale
|x Histoire
|y 19e siecle.
|
| 650 |
|
6 |
|a Noirs americains
|x Segregation
|x Histoire
|y 19e siecle.
|
| 650 |
|
6 |
|a Hôteliers
|z Washington (D.C.)
|v Biographies.
|
| 650 |
|
6 |
|a Noirs americains
|z Washington (D.C.)
|v Biographies.
|
| 650 |
|
6 |
|a Noirs americains affranchis
|z Washington (D.C.)
|v Biographies.
|
| 650 |
|
0 |
|a African Americans
|x Government policy
|x History
|y 19th century.
|
| 650 |
|
0 |
|a African Americans
|x Segregation
|x History
|y 19th century.
|
| 650 |
|
0 |
|a Reconstruction (U.S. history, 1865-1877)
|z Washington (D.C.)
|
| 650 |
|
0 |
|a Hotelkeepers
|z Washington (D.C.)
|v Biography.
|
| 650 |
|
0 |
|a African Americans
|z Washington (D.C.)
|v Biography.
|
| 650 |
|
0 |
|a Free African Americans
|z Washington (D.C.)
|v Biography.
|
| 651 |
|
7 |
|a Washington (D.C.)
|2 fast
|0 (OCoLC)fst01204505
|
| 651 |
|
7 |
|a United States.
|2 fast
|0 (OCoLC)fst01204155
|
| 651 |
|
0 |
|a Washington (D.C.)
|x Race relations
|x History
|y 19th century.
|
| 651 |
|
0 |
|a Washington (D.C.)
|v Biography.
|
| 655 |
|
7 |
|a Biographies.
|2 rvmgf
|
| 655 |
|
7 |
|a Biographies.
|2 lcgft
|
| 655 |
|
7 |
|a History.
|2 fast
|0 (OCoLC)fst01411628
|
| 655 |
|
7 |
|a Biographies.
|2 fast
|0 (OCoLC)fst01919896
|
| 655 |
|
2 |
|a Biography
|
| 655 |
|
7 |
|a Electronic books.
|2 local
|
| 710 |
2 |
|
|a Project Muse.
|e distributor
|
| 830 |
|
0 |
|a Book collections on Project MUSE.
|
| 856 |
4 |
0 |
|z Texto completo
|u https://projectmuse.uam.elogim.com/book/43285/
|
| 945 |
|
|
|a Project MUSE - Custom Collection
|
| 945 |
|
|
|a Project MUSE - Archive Complete Supplement V
|
| 945 |
|
|
|a Project MUSE - Archive History Supplement V
|
| 945 |
|
|
|a Project MUSE - Archive American Studies Supplement IV
|